| 000 | 01550cam a2200361 a 4500 | ||
|---|---|---|---|
| 001 | 693073 | ||
| 003 | Nust- CAS-E | ||
| 005 | 20180118181407.0 | ||
| 008 | 970103s1997 cau b 001 0 eng | ||
| 010 | _a 96051318 | ||
| 020 | _a0787909548 (acidfree paper) | ||
| 040 |
_aDLC _cDLC _dDLC |
||
| 043 | _an-us--- | ||
| 050 | 0 | 0 |
_aHV97.I47 _bO26 1997 |
| 082 | 0 | 0 |
_a361.7/63/09753 _221 _bCON-P 1997 |
| 100 | 1 |
_aO'Connell, Brian, _d1930-2011. |
|
| 245 | 1 | 0 |
_aPowered by coalition : _bthe story of Independent Sector / _cBrian O'Connell ; foreword by John W. Gardner. |
| 260 |
_aSan Francisco, Calif. : _bJossey-Bass, _cc1997. |
||
| 300 |
_axx, 236 p. ; _c24 cm. |
||
| 440 | 4 | _aThe Jossey-Bass nonprofit sector series | |
| 502 | _a0 | ||
| 504 | _aIncludes bibliographical references (p. 225-228) and index. | ||
| 610 | 2 | 0 | _aIndependent Sector (Firm) |
| 650 | 0 |
_aVoluntarism _zUnited States. |
|
| 650 | 0 |
_aAssociations, institutions, etc. _zUnited States. |
|
| 650 | 0 |
_aNonprofit organizations _zUnited States. |
|
| 856 | 4 |
_3Table of Contents _uhttp://www.loc.gov/catdir/toc/onix06/96051318.html |
|
| 856 | 4 | 2 |
_3Contributor biographical information _uhttp://www.loc.gov/catdir/enhancements/fy0706/96051318-b.html |
| 856 | 4 | 2 |
_3Publisher description _uhttp://www.loc.gov/catdir/enhancements/fy0706/96051318-d.html |
| 906 |
_a7 _bcbc _corignew _d1 _eocip _f19 _gy-gencatlg |
||
| 942 |
_2ddc _cBK |
||
| 999 |
_c355617 _d355617 |
||